[Event "European Blitz 2022"]
[Site "Katowice POL"]
[Date "2022.12.16"]
[Round "12.79"]
[White "Madan, Augustin"]
[Black "Paprocki, Jaroslaw"]
[Result "1-0"]
[WhiteTitle "IM"]
[WhiteElo "2292"]
[BlackElo "2158"]
[WhiteFideId "1210327"]
[BlackFideId "1122274"]
[EventDate "2022.12.16"]

1. e3 d5 2. b3 Bf5 3. Bb2 e6 4. Nf3 h6 5. h3 Nd7 6. g4 Bh7 7. Bd3 Bxd3 8. cxd3
Ne7 9. Qe2 c5 10. Nc3 Nc6 11. h4 Nb4 12. Kf1 a6 13. d4 cxd4 14. Nxd4 e5 15. Nf5
g6 16. Ng3 Nf6 17. a3 Nc6 18. d4 e4 19. Kg2 Qd7 20. g5 Ng8 21. h5 Nge7 22. hxg6
Nxg6 23. gxh6 Rxh6 24. Rxh6 Bxh6 25. Rh1 Bf8 26. Qh5 O-O-O 27. Qf5 Qxf5 28. Nxf5
Nce7 29. Ng3 Rd6 30. Rh7 Rf6 31. a4 Kd7 32. Ba3 Ke6 33. Rh5 Bg7 34. Bxe7 Nxe7
35. Re5+ Kd6 36. Rxe7 Kxe7 37. Nxd5+ Ke6 38. Nxf6 Bxf6 39. Nxe4 Be7 40. Kf3 Bb4
41. Ke2 Kd5 42. Kd3 Be1 43. f3 f5 44. Nc3+ Kc6 45. e4 fxe4+ 46. fxe4 b5 47.
axb5+ axb5 48. b4 Kd7 49. d5 Bf2 50. Nxb5 Be1 51. Nc3 Kd6 52. Kc4 Ke5 53. b5 Bf2
54. Kb4 Be1 55. b6 Kd6 56. e5+ Kd7 57. Kc4 Bf2 58. Kb5 Bd4 59. e6+ Kd6 60. Ne4+
Ke7 61. b7 Ba7 62. Kc6 Bb8 63. Nd2 Kf6 64. Nc4 Ke7 65. Nb6 Ba7 66. Nd7 Kd8 67.
b8=Q+ Bxb8 68. Nxb8 Ke7 69. Kc7 1-0

[Event "European Blitz 2022"]
[Site "Katowice POL"]
[Date "2022.12.16"]
[Round "12.80"]
[White "Kacprzak, Karol"]
[Black "Zamekhovskiy, Yevgen"]
[Result "1-0"]
[WhiteElo "2226"]
[BlackElo "2095"]
[WhiteFideId "21819327"]
[BlackFideId "14174413"]
[EventDate "2022.12.16"]

1. e4 c6 2. d4 d5 3. e5 Bf5 4. Nf3 e6 5. Be2 c5 6. O-O Nc6 7. c3 Qb6 8. dxc5
Bxc5 9. b4 Be7 10. Bf4 Nh6 11. Nbd2 O-O 12. Bxh6 gxh6 13. Nb3 Rac8 14. Re1 f6
15. Qd2 Nxe5 16. Nfd4 Bg6 17. f4 Nc4 18. Bxc4 dxc4 19. Rxe6 Qd8 20. Nc1 Re8 21.
Nce2 Bf7 22. Re3 Qd5 23. Re1 Kh8 24. Ng3 Bf8 25. Ngf5 Bg6 26. Ne7 Bxe7 27. Rxe7
Rxe7 28. Rxe7 Be4 29. Qe2 f5 30. Re5 Qd7 31. Qh5 Rg8 32. g3 Qa4 33. Rxe4 fxe4
34. Qe5+ Rg7 35. Ne6 Qd1+ 36. Kg2 Qd2+ 37. Kh3 Qd7 38. f5 Kg8 39. Nxg7 Qxg7 40.
Qe8+ Qf8 41. Qxe4 Kg7 42. Qd4+ Kf7 43. Qxc4+ Kf6 44. Qe6+ Kg5 45. Kg2 Qg7 46.
h4+ Kh5 47. Qe2+ Qg4 48. Qe8+ 1-0

[Event "European Blitz 2022"]
[Site "Katowice POL"]
[Date "2022.12.16"]
[Round "12.81"]
[White "Martynkova, Olena"]
[Black "D'Costa, Lorin"]
[Result "0-1"]
[WhiteTitle "WIM"]
[BlackTitle "IM"]
[WhiteElo "2227"]
[BlackElo "2375"]
[WhiteFideId "14134039"]
[BlackFideId "409219"]
[EventDate "2022.12.16"]

1. d4 Nf6 2. Nf3 e6 3. Bf4 b6 4. h3 Bb7 5. e3 Be7 6. Be2 O-O 7. O-O c5 8. c3
cxd4 9. exd4 d6 10. Nbd2 Nbd7 11. a4 a6 12. Bh2 Re8 13. Nc4 Qc7 14. Ne3 Bf8 15.
Nd2 g6 16. Bf3 e5 17. dxe5 dxe5 18. Bxb7 Qxb7 19. Ndc4 Qc6 20. Qe2 b5 21. axb5
axb5 22. Na5 Qb6 23. Nb3 h5 24. Rfd1 Rxa1 25. Rxa1 Nc5 26. Nxc5 Bxc5 27. Rd1 e4
28. Bg3 Kg7 29. Bh4 Re6 30. b4 Bxe3 31. Qxe3 Qxe3 32. fxe3 Rc6 33. Bxf6+ Kxf6
34. Rd4 Ke5 35. Rd7 Rxc3 36. Rxf7 Rb3 37. Rg7 Kf6 38. Rb7 Rxb4 39. Kf2 h4 40.
Rb8 Rb2+ 41. Kf1 b4 42. Re8 Kf5 43. Rf8+ Ke5 44. Re8+ Kd5 45. Rg8 Kc4 46. Rxg6
Kd3 47. g4 hxg3 48. Rxg3 b3 49. Rg8 0-1

[Event "European Blitz 2022"]
[Site "Katowice POL"]
[Date "2022.12.16"]
[Round "12.83"]
[White "Molenda, Marcin"]
[Black "Lauda, Alexandr"]
[Result "1-0"]
[WhiteTitle "FM"]
[WhiteElo "2381"]
[BlackElo "2032"]
[WhiteFideId "1173065"]
[BlackFideId "13903179"]
[EventDate "2022.12.16"]

1. e4 c5 2. Nf3 Nc6 3. Bb5 g5 4. h3 Nf6 5. e5 Nd5 6. Bc4 e6 7. Nc3 Nxc3 8. dxc3
h6 9. Be3 Qc7 10. Qe2 Nxe5 11. Nxe5 Qxe5 12. O-O-O Qc7 13. h4 d5 14. Bxd5 exd5
15. Bd4+ Be6 16. Bxh8 O-O-O 17. Be5 Qa5 18. Kb1 g4 19. f3 h5 20. Qe3 d4 21. Qg5
Qxa2+ 22. Kc1 Qa1+ 23. Kd2 Qxb2 24. cxd4 cxd4 25. Ke2 Qxc2+ 26. Rd2 Bc4+ 27. Kf2
Qc3 28. Rhd1 Be6 29. Kg3 gxf3 30. gxf3 Bg4 31. Qxd8+ Kxd8 32. Rxd4+ Qxd4 33.
Rxd4+ Bd7 34. Bb8 a5 35. Rc4 b5 36. Bc7+ Ke8 37. Re4+ Be6 38. Bxa5 Bd6+ 39. f4
Kd7 40. Bb4 Bc7 41. Rd4+ Kc6 42. Rd1 Bc4 43. Kf3 Bd5+ 44. Kf2 Bb6+ 45. Kg3 Bc7
46. Rc1+ Kd7 47. Rc5 Bc6 48. Rxh5 Bd8 49. Re5 Bf6 50. Re1 Bg7 51. Re7+ Kd8 52.
Rxf7 Bd4 53. h5 Bd5 54. Rf5 Bc4 55. h6 Kd7 56. h7 Ke6 57. Rf8 Bd3 58. h8=Q Bxh8
59. Rxh8 Kd5 60. Rc8 Bc4 61. Rc5+ 1-0

[Event "European Blitz 2022"]
[Site "Katowice POL"]
[Date "2022.12.16"]
[Round "12.84"]
[White "Czerw, Dawid"]
[Black "Wojdak, Jan"]
[Result "0-1"]
[WhiteTitle "IM"]
[WhiteElo "2373"]
[BlackElo "2115"]
[WhiteFideId "1145746"]
[BlackFideId "21817111"]
[EventDate "2022.12.16"]

1. d4 d5 2. c4 e6 3. Nc3 Nf6 4. cxd5 exd5 5. Bg5 c6 6. e3 h6 7. Bh4 Be7 8. Bd3
O-O 9. Nge2 Re8 10. Qc2 a5 11. a3 Na6 12. O-O Nc7 13. f3 c5 14. Rad1 c4 15. Bf5
b5 16. Bxc8 Rxc8 17. Bf2 b4 18. axb4 axb4 19. Nb1 Bd6 20. h3 Nb5 21. Nd2 c3 22.
Nb3 Qb6 23. Nc5 Bxc5 24. dxc5 Qxc5 25. e4 Qc4 26. Nd4 dxe4 27. b3 Nxd4 28. Rxd4
Qc6 29. Rxb4 exf3 30. Rc4 fxg2 31. Rd1 Qf3 32. Rd3 Re1+ 0-1

[Event "European Blitz 2022"]
[Site "Katowice POL"]
[Date "2022.12.16"]
[Round "12.85"]
[White "Bazakutsa, Svyatoslav"]
[Black "Vedrickas, Tautvydas"]
[Result "1/2-1/2"]
[BlackTitle "FM"]
[WhiteElo "2318"]
[BlackElo "2358"]
[WhiteFideId "14198525"]
[BlackFideId "12802654"]
[EventDate "2022.12.16"]

1. c4 Nf6 2. Nc3 d6 3. e4 g6 4. d4 Bg7 5. h3 O-O 6. Be3 Nbd7 7. g4 e5 8. d5 a5
9. Nge2 Nc5 10. Ng3 Bd7 11. f3 a4 12. h4 c6 13. Qd2 cxd5 14. cxd5 b5 15. h5 b4
16. Nd1 Bxg4 17. fxg4 Nxg4 18. hxg6 fxg6 19. Bxc5 dxc5 20. Bc4 Rf3 21. Nf1 Qd6
22. Nde3 Nf2 23. Rh4 Bf6 24. Rh2 Nxe4 25. Qg2 Rf4 26. O-O-O a3 27. Qh3 axb2+ 28.
Kxb2 Ng5 29. Qg2 e4+ 30. Kb1 Qe5 31. d6+ Kg7 32. Rd5 Qa1+ 33. Kc2 Ra3 34. Bb3
Qb2+ 35. Kd1 Qb1+ 36. Ke2 Nf3 37. Nd1 Nxh2 38. Nxh2 Rxa2+ 39. Bxa2 Qxa2+ 40. Rd2
Qg8 41. d7 Bd8 42. Qg3 Qf7 43. Ne3 h5 44. Rd5 Rf6 45. Rxh5 Qxd7 46. Rxc5 Qd3+
47. Ke1 Bb6 48. Nf5+ Rxf5 49. Qxd3 exd3 50. Rc4 Be3 51. Ng4 Bf4 52. Rxb4 d2+ 53.
Kd1 Rc5 54. Rb7+ Kf8 55. Nf2 Rc1+ 56. Ke2 Re1+ 57. Kf3 Rf1 58. Rd7 g5 59. Kg2
Ke8 60. Rxd2 Bxd2 61. Kxf1 Bf4 62. Nh3 Kf7 63. Nxg5+ Bxg5 1/2-1/2

[Event "European Blitz 2022"]
[Site "Katowice POL"]
[Date "2022.12.16"]
[Round "12.86"]
[White "Przybylski, Bartosz"]
[Black "Kulon, Klaudia"]
[Result "0-1"]
[BlackTitle "IM"]
[WhiteElo "2085"]
[BlackElo "2274"]
[WhiteFideId "1126652"]
[BlackFideId "1131044"]
[EventDate "2022.12.16"]

1. e4 e5 2. Nf3 Nc6 3. Bc4 Nf6 4. d3 h6 5. O-O d6 6. h3 g6 7. c3 Bg7 8. Re1 O-O
9. Bb3 Na5 10. Bc2 c5 11. Nbd2 Nc6 12. Nf1 d5 13. exd5 Nxd5 14. Ne3 Be6 15. Nc4
Qc7 16. Bd2 Rae8 17. Qc1 Kh7 18. a4 f5 19. Rb1 a6 20. b4 cxb4 21. cxb4 b5 22.
axb5 axb5 23. Ne3 Nf4 24. Nf1 Qd6 25. Bxf4 exf4 26. Bb3 Bd7 27. Rxe8 Rxe8 28.
Nh4 Bf6 29. Nf3 Nxb4 30. d4 Bc6 31. N1d2 Be4 32. Ra1 Re7 33. Qc8 h5 34. Nxe4
fxe4 35. Ne5 Bg7 36. Qg8+ Kh6 37. Nf7+ Rxf7 38. Qxf7 Qxd4 39. Ra7 e3 40. fxe3
fxe3 41. Kh2 Qe5+ 42. g3 e2 43. Re7 e1=Q 0-1

[Event "European Blitz 2022"]
[Site "Katowice POL"]
[Date "2022.12.16"]
[Round "12.87"]
[White "Paszewski, Mateusz"]
[Black "Ziogas, Modestas"]
[Result "0-1"]
[WhiteTitle "FM"]
[WhiteElo "2282"]
[BlackElo "2098"]
[WhiteFideId "1141058"]
[BlackFideId "12803740"]
[EventDate "2022.12.16"]

1. Nf3 d5 2. g3 h5 3. Bg2 Nc6 4. d4 Bg4 5. c4 Nf6 6. Nc3 e6 7. Bg5 Be7 8. Ne5
Nxe5 9. dxe5 Ne4 10. Bxe7 Qxe7 11. Nxe4 dxe4 12. Qa4+ c6 13. Bxe4 O-O 14. h3 Bf5
15. Bf3 Bg6 16. Qa5 Rad8 17. h4 b6 18. Qc3 Qc7 19. O-O c5 20. Rad1 Rd7 21. Rxd7
Qxd7 22. e3 Qa4 23. a3 Rd8 24. Be2 Qc6 25. Rd1 Rxd1+ 26. Bxd1 Be4 27. Qd2 Bh1 0-1

[Event "European Blitz 2022"]
[Site "Katowice POL"]
[Date "2022.12.16"]
[Round "12.88"]
[White "Hesse, Henrik"]
[Black "Kanarkiewicz, Michal"]
[Result "1-0"]
[WhiteElo "2160"]
[BlackElo "2079"]
[WhiteFideId "12952060"]
[BlackFideId "1147200"]
[EventDate "2022.12.16"]

1. c4 g6 2. g3 Bg7 3. Bg2 c5 4. Nf3 Nc6 5. O-O Nf6 6. d4 cxd4 7. Nxd4 O-O 8. Nc3
Nxd4 9. Qxd4 a6 10. e4 d6 11. Qd3 Be6 12. b3 Rc8 13. Bb2 Ng4 14. Rac1 Qa5 15.
Qd2 b5 16. cxb5 axb5 17. Rfd1 Bh6 18. f4 Qb6+ 19. Qd4 Qxd4+ 20. Rxd4 Bg7 21. Rb4
Rc5 22. h3 Ne3 23. e5 dxe5 24. Rxb5 Rfc8 25. Rxc5 Rxc5 26. Ne4 Rxc1+ 27. Bxc1
Nxg2 28. Nf2 Ne1 29. Be3 Nc2 30. Bd2 exf4 31. gxf4 Bd4 32. Kg2 Bd5+ 33. Kg3 Ne3
34. Bxe3 Bxe3 35. Nd3 f6 36. Nb4 Bf7 37. Kf3 Bc5 38. Nd3 Bd6 39. Ke4 Be6 40. h4
Bf5+ 41. Kd4 Bxd3 42. Kxd3 Kf7 43. Ke4 Ke6 44. a4 Bb4 45. Kd4 Kf5 46. Kc4 Bd2
47. b4 Bxf4 48. a5 Be3 49. b5 Ke6 50. b6 Kd7 51. Kb5 Kc8 52. Kc6 e5 53. b7+ Kb8
54. a6 Ba7 55. Kd5 Bd4 56. Ke4 Ka7 57. Kd5 Bb6 58. Kc6 Bf2 59. Kc7 Bb6+ 60. Kc8
Bc7 61. Kxc7 1-0

[Event "European Blitz 2022"]
[Site "Katowice POL"]
[Date "2022.12.16"]
[Round "12.89"]
[White "Van Hoolandt, Patrick"]
[Black "Suder, Jakub"]
[Result "1/2-1/2"]
[WhiteTitle "FM"]
[BlackTitle "FM"]
[WhiteElo "2010"]
[BlackElo "2244"]
[WhiteFideId "200999"]
[BlackFideId "1195310"]
[EventDate "2022.12.16"]

1. d4 d5 2. c4 dxc4 3. e4 Nf6 4. e5 Nd5 5. Bxc4 Nb6 6. Bd3 Nc6 7. Ne2 Bg4 8. f3
Bh5 9. Nbc3 e6 10. a3 Be7 11. Be3 Bg6 12. Ne4 Nd5 13. Bf2 Qd7 14. Qc2 h6 15. O-O
O-O 16. Rac1 a6 17. Rfd1 Rfd8 18. Qb3 Rab8 19. Nc5 Bxc5 20. Bxg6 Be7 21. Bb1 g6
22. Ng3 Kg7 23. Ne4 Nf4 24. Qe3 Nd5 25. Qd2 Qe8 26. Qc2 Rd7 27. Nc5 Bxc5 28.
Qxc5 Qe7 29. Qc2 Rbd8 30. Qe4 f5 31. exf6+ Qxf6 32. Bh4 g5 33. Bg3 Kf8 34. Bf2
Nce7 35. Re1 Rd6 36. Bg3 Rc6 37. Rxc6 Nxc6 38. Qxe6 Qxe6 39. Rxe6 Nxd4 40. Rxh6
Ne2+ 41. Kf2 Nxg3 42. hxg3 Ke7 43. Be4 Nf6 1/2-1/2

[Event "European Blitz 2022"]
[Site "Katowice POL"]
[Date "2022.12.16"]
[Round "12.90"]
[White "Trushko, Andrii"]
[Black "Swiatek, Bartosz"]
[Result "1-0"]
[WhiteElo "2006"]
[BlackElo "2074"]
[WhiteFideId "14172887"]
[BlackFideId "1116533"]
[EventDate "2022.12.16"]

1. d4 Nf6 2. Bg5 e6 3. e3 Be7 4. Nd2 O-O 5. Bd3 b6 6. Ngf3 Bb7 7. O-O c5 8. c3
Nc6 9. Qe2 Rc8 10. Rfd1 cxd4 11. exd4 d6 12. Bxf6 Bxf6 13. d5 exd5 14. Bf5 Rc7
15. Nf1 g6 16. Bc2 d4 17. cxd4 Nb4 18. Bb3 Re8 19. Ne3 Qa8 20. Qb5 Nc6 21. Nd5
Bd8 22. Nxc7 Bxc7 23. Qc4 Rf8 24. d5 Na5 1-0

[Event "European Blitz 2022"]
[Site "Katowice POL"]
[Date "2022.12.16"]
[Round "12.91"]
[White "Kaminski, Piotr"]
[Black "Zawadzka, Jolanta"]
[Result "1-0"]
[BlackTitle "WGM"]
[WhiteElo "2011"]
[BlackElo "2386"]
[WhiteFideId "1125451"]
[BlackFideId "1122320"]
[EventDate "2022.12.16"]

1. e4 c6 2. Nc3 d5 3. Nf3 Bg4 4. h3 Bxf3 5. Qxf3 e6 6. Be2 Bc5 7. O-O Nd7 8. Rd1
Ngf6 9. d4 dxe4 10. Nxe4 Be7 11. c3 O-O 12. Bf4 Nxe4 13. Qxe4 Nf6 14. Qc2 Qd5
15. Bd3 Rfd8 16. Be5 h6 17. c4 Qa5 18. a3 Rd7 19. b4 Qd8 20. Rd2 Ne8 21. Re1 Bf6
22. Red1 Rc8 23. Qc3 Kh8 24. Bb1 g6 25. Qe3 Kg7 26. Bf4 Bg5 27. d5 cxd5 28. cxd5
Bxf4 29. Qxf4 Rxd5 1-0

[Event "European Blitz 2022"]
[Site "Katowice POL"]
[Date "2022.12.16"]
[Round "12.93"]
[White "Luczak, Filip"]
[Black "Cieslak, Patryk"]
[Result "1-0"]
[WhiteTitle "FM"]
[WhiteElo "2326"]
[BlackElo "2094"]
[WhiteFideId "1193686"]
[BlackFideId "21078882"]
[EventDate "2022.12.16"]

1. b3 e5 2. Bb2 Nc6 3. e3 d5 4. Bb5 Bd6 5. f4 Qh4+ 6. g3 Qe7 7. Nf3 f6 8. Nc3
Be6 9. O-O Nh6 10. fxe5 fxe5 11. e4 dxe4 12. Nxe4 Bd7 13. d3 O-O 14. Qe2 Nf5 15.
Rae1 Ncd4 16. Nxd4 Nxd4 17. Bxd4 exd4 18. Bxd7 Rxf1+ 19. Rxf1 Qxd7 20. Qh5 c6
21. Qf5 Qxf5 22. Rxf5 Be7 23. Kg2 b6 24. a4 g6 25. Rf2 Kg7 26. Re2 Kf7 27. Nd2
Bf6 28. Nc4 Rd8 29. Re4 Rd5 30. Kf3 Rf5+ 31. Rf4 Rd5 32. Ke2 Ke6 33. Re4+ Kd7
34. Rf4 Ke7 35. Nd2 Rh5 36. Nf3 Rd5 37. Re4+ Kd7 38. g4 h5 39. h3 hxg4 40. Rxg4
g5 41. Nd2 Be7 42. Ne4 Rf5 43. Rg2 c5 44. Rf2 Ke6 45. Rxf5 Kxf5 46. Kf3 Bf8 47.
Ng3+ Kg6 48. Kg4 Bd6 49. Ne4 Be7 50. Nd2 Bd6 51. Nf3 Be7 52. Ne5+ Kf6 53. Nc6
Bd6 54. Nxa7 Be5 1-0

[Event "European Blitz 2022"]
[Site "Katowice POL"]
[Date "2022.12.16"]
[Round "12.95"]
[White "Vardanyan, Aras"]
[Black "Kossobudzki, Robert"]
[Result "1-0"]
[WhiteTitle "CM"]
[WhiteElo "2271"]
[BlackElo "1989"]
[WhiteFideId "12808792"]
[BlackFideId "1107887"]
[EventDate "2022.12.16"]

1. Nf3 d5 2. b4 Nf6 3. Bb2 e6 4. a3 a5 5. b5 c5 6. e3 Be7 7. c4 O-O 8. d4 b6 9.
Nbd2 Bb7 10. Bd3 Nbd7 11. O-O Rc8 12. Qe2 cxd4 13. exd4 dxc4 14. Nxc4 Nd5 15. g3
Rc7 16. Rac1 Re8 17. Nce5 Nxe5 18. Nxe5 Bf6 19. Rxc7 Qxc7 20. Rc1 Qd6 21. Bxh7+
Kf8 22. Bd3 Ne7 23. Qh5 Bxe5 24. Qxe5 Qxe5 25. dxe5 Rd8 26. Rd1 Bf3 27. Be2
Rxd1+ 28. Bxd1 Bxd1 29. f4 Be2 30. Bd4 Nd5 31. a4 Bd1 32. Kf2 Bxa4 33. g4 Bxb5
34. f5 Bd3 1-0

[Event "European Blitz 2022"]
[Site "Katowice POL"]
[Date "2022.12.16"]
[Round "12.96"]
[White "Mucha, Hubert"]
[Black "Wilk, Krzysztof"]
[Result "1-0"]
[WhiteElo "1720"]
[BlackElo "2107"]
[WhiteFideId "21840849"]
[BlackFideId "1116193"]
[EventDate "2022.12.16"]

1. b4 d5 2. Bb2 Nf6 3. e3 g6 4. Nf3 Bg7 5. c4 c6 6. Be2 O-O 7. O-O Bf5 8. h3 h5
9. Nc3 Re8 10. Qb3 Be6 11. d3 dxc4 12. dxc4 Qc7 13. Rfd1 Nbd7 14. Nd4 Nf8 15.
Nxe6 Nxe6 16. c5 Nf8 17. Bc4 e6 18. Ne2 N8d7 19. Nf4 Ne5 20. Bxe6 fxe6 21. Nxe6
Qf7 22. Nc7 Rac8 23. Nxe8 Rxe8 24. Bxe5 Rxe5 25. Rd8+ Kh7 26. Rd3 Ne4 27. f3 Rg5
28. Qxf7 1-0

[Event "European Blitz 2022"]
[Site "Katowice POL"]
[Date "2022.12.16"]
[Round "12.97"]
[White "Myrmus, Mateusz"]
[Black "Lapaj, Mateusz"]
[Result "0-1"]
[WhiteElo "2012"]
[BlackElo "2223"]
[WhiteFideId "21825335"]
[BlackFideId "1170805"]
[EventDate "2022.12.16"]

1. e4 e6 2. d4 d5 3. Nc3 Nf6 4. Bg5 Be7 5. e5 Nfd7 6. h4 O-O 7. Nf3 c5 8. Bxe7
Qxe7 9. Bd3 cxd4 10. Nb5 Nc6 11. Qe2 Qb4+ 12. Kf1 a6 13. Nd6 Ncxe5 14. Nxe5 Qxd6
15. Nxd7 Bxd7 16. Rd1 e5 17. c3 e4 18. Bxe4 dxe4 19. Rxd4 Qxd4 0-1

[Event "European Blitz 2022"]
[Site "Katowice POL"]
[Date "2022.12.16"]
[Round "12.98"]
[White "Radzimski, Antoni"]
[Black "Marie, Maxime"]
[Result "0-1"]
[BlackTitle "CM"]
[WhiteElo "1734"]
[BlackElo "2175"]
[WhiteFideId "21052476"]
[BlackFideId "625590"]
[EventDate "2022.12.16"]

1. c4 c5 2. Nc3 Nc6 3. e3 e5 4. Nf3 d6 5. d4 Bg4 6. d5 Nb8 7. Qb3 Qc8 8. Nd2 Nf6
9. h3 Bf5 10. e4 Bg6 11. Be2 Be7 12. O-O O-O 13. Re1 Nbd7 14. a4 Ne8 15. Bg4 f5
16. exf5 Bxf5 17. Bxf5 Rxf5 18. Nde4 Nef6 19. Ng3 Nf8 20. a5 Ng6 21. Nxf5 Qxf5
22. Ne2 Ne4 23. Qe3 Bg5 24. Qf3 Qxf3 25. gxf3 Bxc1 26. fxe4 Bd2 27. Red1 Bb4 28.
a6 b6 29. Rd3 Rf8 30. Rf1 Nf4 31. Nxf4 Rxf4 32. f3 Kf7 33. Kg2 g5 34. Rdd1 h6
35. Kf2 Kf6 36. Ke2 Rh4 37. Rh1 Kg6 38. Rdg1 Kf6 39. Rg4 Rxg4 40. fxg4 Kg6 41.
Rf1 Kg7 42. Rf5 Ba5 43. h4 gxh4 44. Rh5 Kg6 0-1

[Event "European Blitz 2022"]
[Site "Katowice POL"]
[Date "2022.12.16"]
[Round "12.99"]
[White "Reza, Wojciech"]
[Black "Pelka, Michal"]
[Result "1/2-1/2"]
[WhiteTitle "FM"]
[WhiteElo "2290"]
[BlackElo "1911"]
[WhiteFideId "1151967"]
[BlackFideId "1198246"]
[EventDate "2022.12.16"]

1. e4 e5 2. Nf3 Nc6 3. d4 exd4 4. Nxd4 Qh4 5. Nc3 Bb4 6. Be2 Qxe4 7. Nxc6 dxc6
8. O-O Bxc3 9. bxc3 Be6 10. Re1 Qd3 11. Bxd3 Nf6 12. Ba3 O-O-O 13. Qc1 Rhe8 14.
Qf4 Nd7 1/2-1/2

[Event "European Blitz 2022"]
[Site "Katowice POL"]
[Date "2022.12.16"]
[Round "12.100"]
[White "Przybys, Bruno"]
[Black "Triadu Cassa, Jordi"]
[Result "1/2-1/2"]
[BlackTitle "CM"]
[WhiteElo "1401"]
[BlackElo "2195"]
[WhiteFideId "21056048"]
[BlackFideId "2241927"]
[EventDate "2022.12.16"]

1. f4 c5 2. Nf3 Nc6 3. b3 g6 4. Bb2 Nf6 5. g3 Bg7 6. Bg2 O-O 7. O-O d5 8. Ne5 c4
9. e3 cxb3 10. axb3 Nxe5 11. Bxe5 Bf5 12. c4 Be4 13. Nc3 Bxg2 14. Kxg2 dxc4 15.
bxc4 Qd3 16. Qe2 Rad8 17. Qxd3 Rxd3 18. Rfd1 a6 19. Rab1 Rfd8 20. Bxf6 Rxd2+ 21.
Rxd2 Rxd2+ 22. Kf3 Bxf6 23. Ne4 Rc2 24. Nxf6+ exf6 25. Rxb7 Rxc4 26. Rb6 Kg7 27.
Rxa6 Rc2 28. h4 h5 29. Ra4 f5 30. Rb4 Rc3 31. Ra4 Rb3 32. Rc4 Rd3 33. Rd4 Rc3
34. Ke2 Rc2+ 35. Kf3 Rc3 36. Rd2 Kf6 37. Re2 Ke6 38. Kf2 Kd5 39. Rd2+ Ke6 40.
Ra2 Rc6 41. Re2 Rc3 42. e4 fxe4 43. Rxe4+ Kf5 44. Re7 f6 45. Rg7 Rc2+ 46. Kf3
Rc3+ 47. Kf2 Rc2+ 48. Kf3 Rc3+ 49. Kf2 Rc2+ 1/2-1/2

[Event "European Blitz 2022"]
[Site "Katowice POL"]
[Date "2022.12.16"]
[Round "13.1"]
[White "Adams, Michael"]
[Black "Piorun, Kacper"]
[Result "1/2-1/2"]
[WhiteTitle "GM"]
[BlackTitle "GM"]
[WhiteElo "2688"]
[BlackElo "2611"]
[WhiteFideId "400041"]
[BlackFideId "1130420"]
[EventDate "2022.12.16"]

1. e4 d5 2. exd5 Qxd5 3. Nc3 Qd8 4. Nf3 Nf6 5. d4 g6 6. Be2 Bg7 7. O-O O-O 8.
Re1 Nc6 9. h3 b6 10. Bf4 Bb7 11. Qd2 a6 12. Rad1 Nb4 13. Be5 e6 14. a3 Nbd5 15.
Nxd5 exd5 16. Qf4 Rc8 17. Bd3 Re8 18. Re2 Ne4 19. Bxg7 Kxg7 20. Rde1 Qd6 21. Qh4
h6 22. Nd2 f5 23. f3 g5 24. Qh5 Nf6 25. Qxe8 Rxe8 26. Rxe8 Nxe8 27. Rxe8 Qf4 28.
Nb3 Kf7 29. Re5 Bc8 30. Rxd5 Be6 31. Re5 a5 32. a4 Qg3 33. Bxf5 Bxb3 34. cxb3
Qf4 35. Be6+ Kg7 36. Re4 Qc1+ 37. Kh2 Qxb2 38. h4 Qc1 39. hxg5 hxg5 40. Bc4 Kf8
41. Kg3 Qg1 42. d5 Qh1 43. Rg4 Qe1+ 44. Kh2 Qe5+ 45. Kh3 Qh8+ 46. Kg3 Qf6 47.
Re4 Qf5 48. Kf2 Qf6 49. Re6 Qd4+ 50. Kf1 g4 51. fxg4 Qxg4 52. Rc6 Qf4+ 53. Ke2
Qe4+ 54. Kf2 Qf4+ 55. Kg1 Qd4+ 56. Kh2 Qh4+ 57. Kg1 1/2-1/2

[Event "European Blitz 2022"]
[Site "Katowice POL"]
[Date "2022.12.16"]
[Round "13.2"]
[White "Deac, Bogdan-Daniel"]
[Black "Alonso Rosell, Alvar"]
[Result "0-1"]
[WhiteTitle "GM"]
[BlackTitle "GM"]
[WhiteElo "2700"]
[BlackElo "2561"]
[WhiteFideId "1226380"]
[BlackFideId "2270544"]
[EventDate "2022.12.16"]

1. Nf3 d5 2. e3 Nf6 3. c4 e6 4. b3 b6 5. Bb2 Bb7 6. Nc3 a6 7. cxd5 exd5 8. Ne2
Bd6 9. g3 O-O 10. Bg2 c5 11. O-O Nbd7 12. d4 Re8 13. Rc1 Rc8 14. dxc5 bxc5 15.
Nc3 Nf8 16. Qd3 Ne6 17. Rfd1 d4 18. exd4 Bxf3 19. Bxf3 Nxd4 20. Ne2 Nxf3+ 21.
Qxf3 Ne4 22. Nc3 Ng5 23. Qd5 Qf6 24. Kg2 Be5 25. h4 Ne6 26. Ne4 Nf4+ 27. gxf4
Qg6+ 28. Ng5 Bxb2 29. f5 Qf6 30. Rb1 Bd4 31. b4 Re5 32. Qb7 Qxf5 33. Qf3 Qg6 34.
bxc5 Bxc5 35. Rb7 Rf5 36. Qb3 Rxf2+ 37. Kg3 h6 38. Rb8 Bd6+ 39. Kxf2 Rxb8 40.
Rxd6 Qf5+ 41. Qf3 Qc5+ 42. Kg2 Qxd6 43. Qxf7+ Kh8 44. Nf3 Qf6 45. Qd5 Rf8 46. a4
Qf4 47. a5 Qg4+ 0-1

[Event "European Blitz 2022"]
[Site "Katowice POL"]
[Date "2022.12.16"]
[Round "13.3"]
[White "Kazakouski, Valery"]
[Black "Yuffa, Daniil"]
[Result "1-0"]
[WhiteTitle "GM"]
[BlackTitle "GM"]
[WhiteElo "2539"]
[BlackElo "2587"]
[WhiteFideId "13507443"]
[BlackFideId "24131423"]
[EventDate "2022.12.16"]

1. Nf3 d5 2. c4 d4 3. b4 a5 4. b5 c5 5. e3 g6 6. exd4 cxd4 7. d3 Bg7 8. g3 b6 9.
Bg2 Bb7 10. O-O Nf6 11. Re1 O-O 12. Bb2 Ra7 13. Nbd2 Ba8 14. Nb3 Bxf3 15. Qxf3
a4 16. Nxd4 Ne8 17. Nc6 Nxc6 18. Bxg7 Nd4 19. Bxd4 Qxd4 20. Qe3 Qxe3 21. fxe3
Nd6 22. Rec1 Rc8 23. Bc6 e6 24. d4 Nf5 25. Kf2 Ne7 26. Be4 Kg7 27. c5 Ra5 28.
Rab1 Rb8 29. a3 bxc5 30. Rxc5 Rb6 31. Rb4 f5 32. Bf3 Kf6 33. e4 fxe4 34. Bxe4 h5
35. h4 Nf5 36. Bxf5 gxf5 37. Ke3 Ke7 38. d5 e5 39. Kd3 Rg6 40. Rc7+ Kd8 41. Rh7
Rxg3+ 42. Kc4 Kc8 43. d6 Rg4+ 44. Kc5 Ra8 45. Rh8+ Kb7 46. Rxa8 Kxa8 47. Rxg4 1-0

[Event "European Blitz 2022"]
[Site "Katowice POL"]
[Date "2022.12.16"]
[Round "13.4"]
[White "Kowalski, Igor"]
[Black "Navara, David"]
[Result "0-1"]
[WhiteTitle "IM"]
[BlackTitle "GM"]
[WhiteElo "2344"]
[BlackElo "2684"]
[WhiteFideId "1172468"]
[BlackFideId "309095"]
[EventDate "2022.12.16"]

1. d4 Nf6 2. Nf3 e6 3. g3 c5 4. Bg2 cxd4 5. O-O d5 6. Nxd4 e5 7. Nf3 Nc6 8. c4
d4 9. e3 Be7 10. exd4 exd4 11. a3 a5 12. Bf4 O-O 13. Ne5 Qb6 14. Nxc6 bxc6 15.
Nd2 Be6 16. b3 Rad8 17. Re1 c5 18. Ne4 Rfe8 19. Nxf6+ Bxf6 20. Qd3 g6 21. Be4 a4
22. Rab1 Qa6 23. Rec1 axb3 24. Qxb3 Bd7 25. Bd5 Ba4 26. Qb7 Qxb7 27. Rxb7 Rd7
28. Rcb1 g5 29. Bd2 Re2 30. Rxd7 Bxd7 31. Ba5 d3 32. Rb7 Be6 33. Bxe6 fxe6 34.
Rd7 Bd4 35. Kf1 Rxf2+ 36. Ke1 Ra2 37. Bc7 e5 38. h4 e4 39. Re7 e3 0-1